Statistiques concernant Les méchants Disney - [Français].

Cliquez ici pour prendre le quiz!

Statistiques générales

  • Ce quiz a été pris 3 984 fois
  • Le résultat moyen est 8 sur 15

Statistiques - réponses

IndicesPersonnages% Correct
AladdinJafar
96%
Les 101 DalmatiensCruella d'Enfer
96%
Peter PanLe Capitaine Crochet
92%
Le Roi LionScar
90%
La Belle au Bois DormantMaléfique
76%
La Belle et la BêteGaston
75%
HerculeHadès
67%
La Reine des NeigesHans
59%
Blanche-NeigeLa Reine Grimhilde
28%
Le livre de la JungleShere Khan
25%
Le Bossu de Notre DameClaude Frollo
19%
NémoDarla
17%
CendrillonLucifer
13%
PocahontasJohn Ratcliffe
8%
La Princesse et la GrenouilleLe Docteur Facilier
4%

Distribution des résultats

Percentile par nombre de réponses

% des personnes avec chaque résultat

Votre développement - résultats

Vous n’avez pas pris ce quiz